| 000 | 00659nam a2200253Ia 4500 | ||
|---|---|---|---|
| 005 | 20260306145456.0 | ||
| 008 | 008 260114s9999 xx 000 0 eng d | ||
| 020 | _a9781526151285 | ||
| 037 | _aEbook | ||
| 040 | _aCRL | ||
| 040 | _beng | ||
| 040 | _cCRL | ||
| 041 | _2eng | ||
| 041 | _aeng | ||
| 084 | _qCRL | ||
| 100 |
_aHodu, Yenkong Ngangjoh;Mbengue, Makane Moïse _91123837 |
||
| 245 | 0 | _aAfrican perspectives in international investment law | |
| 260 | _bManchester University Press (MUP) | ||
| 260 | _c2021 | ||
| 650 | _aLaw | ||
| 856 | _uhttps://www.degruyter.com/isbn/9781526151285 | ||
| 942 | _cEBOOK | ||
| 999 |
_c1688674 _d1688674 |
||